000 00231nam a2200097Ia 4500
008 190216s9999||||xx |||||||||||||| ||und||
100 _aLeo Tolstoy
245 0 _aShort Stories
260 _b"Progress Publishers, Moscow"
942 _cBK
999 _c12046
_d12046